000 00557nam a2200229Ia 4500
005 20260320201655.0
008 008 262003s9999 xx 000 0 eng d
037 _aEBOOK
040 _aCRL
040 _beng
040 _cCRL
041 _2eng
041 _aeng
084 _qCRL
100 _aBarthelat
_91135634
245 0 _aMechanics of Biological Systems and Materials, 2013
260 _bIEEE
856 _uhttps://ieeexplore.ieee.org/servlet/opac?bknumber=11054367
942 _cEBOOK
999 _c1722843
_d1722843